000
00474nam a2200169Ia 4500
008
090711s9999 xx 000 0 und d
082
_b
2635
100
_a
रहाळकर उाgऎ. के.
245
_a
कोकण कथा
260
_c
1965
300
_a
80
600
_a
रहाळकर उाgऎ. के.
630
_a
कोकण कथा
700
_a
रहाळकर उाgऎ. के.
730
_a
कोकण कथा
942
_c
BOOK
999
_c
305446
_d
305446